000 00848nam a2200253Ii 4500
003 JO-AjNU
005 20240114095413.0
008 230605s9999||||xx |||||||||||||| ||und||
017 _a2017/7/3194
020 _a978-9957-687-00-7
040 _aJO-AjNU
_bara
_erda
_cJO-AjNU
041 _aara
050 1 4 _aLB2864 2018
100 3 _aالياسري، محمد جاسم ,
_eauthor
_957915
245 0 0 _aمبادئ الأحصاء التربوي: مدخل في الإحصاء الوصفي والاستدلالي
250 _aط1
264 3 1 _aعمان: دار صفاء للنشر والتوزيع، 2018
300 _a376ص
_bيحتوي على جداول
336 _atext
_btxt
_2rdacontent
337 _aunmediated
_bn
_2rdamedia
338 _avolume
_bnc
_2rdacarrier
650 4 _aالاحصاء- التربية
_957916
942 _2lcc
_cBK
999 _c29549
_d29549